000 00323nam a2200133Ia 4500
008 230901s2011 xx 000 0 und d
041 _aeng
082 _a810
100 _aDr.Kama
245 _aDletary Guidelines for Indians A Manual
260 _bNational Ins..Hyderabad
_c2011
300 _a470
650 _aOTHER BOOK
999 _c870763
_d870763